[Event "Badalona op 46th"]
[Site "Badalona"]
[Date "2022.08.10"]
[Round "9"]
[White "Iglesias Ojeda, Fernando"]
[Black "Paredes Lagos, Anthony Javier"]
[Result "0-1"]
[WhiteElo "2064"]
[BlackElo "2160"]
[PlyCount "64"]
[EventDate "2022.08.02"]
[EventType "swiss"]
[EventRounds "9"]
[EventCountry "ESP"]
[SourceTitle "CBM 209 Extra"]
[Source "ChessBase"]
[SourceDate "2022.09.30"]
[SourceVersion "1"]
[SourceVersionDate "2022.09.30"]
[SourceQuality "1"]

1. e4 c5 2. d4 cxd4 3. c3 dxc3 4. Nxc3 Nc6 5. Nf3 e6 6. Bc4 Bb4 7. Qb3 Nge7 8. 0-0 Bxc3 9. Qxc3 d5 10. Bb3 dxe4 11. Ng5 Qd4 12. Qe1 0-0 13. Nxe4 b6 14. Qe2 Ba6 15. Qxa6 Qxe4 16. Bd2 Nd4 17. Bc4 Rad8 18. Rad1 Nec6 19. Bc3 e5 20. Rde1 Qg6 21. Re3 Kh8 22. Rg3 Qd6 23. Kh1 Qc5 24. Bd3 Rd7 25. Qa4 f5 26. b4 Qxc3 27. Bxf5 Qc4 28. Bd3 Qxb4 29. Qd1 Nf5 30. Rh3 e4 31. Rxh7+ Kxh7 32. Qh5+ Nh6 0-1

[Event "Cornella de Llobregat op 7th"]
[Site "Cornella de Llobregat"]
[Date "2019.10.21"]
[Round "3"]
[White "Iglesias Ojeda, Fernando"]
[Black "Perez Mitjans, Orelvis"]
[Result "0-1"]
[WhiteElo "2069"]
[BlackElo "2409"]
[PlyCount "76"]
[EventDate "2019.10.07"]
[EventType "swiss"]
[EventRounds "9"]
[EventCountry "ESP"]
[SourceTitle "CBM 193 Extra"]
[Source "ChessBase"]
[SourceDate "2020.01.31"]
[SourceVersion "1"]
[SourceVersionDate "2020.01.31"]
[SourceQuality "1"]

1. d4 Nf6 2. Nf3 e6 3. Bf4 c5 4. e3 Qb6 5. Nc3 a6 6. a3 d5 7. Na4 Qa5+ 8. c3 c4 9. b4 cxb3 10. Qxb3 Nbd7 11. Bd3 b5 12. Nb2 Nh5 13. 0-0 Nxf4 14. exf4 g6 15. a4 b4 16. c4 Bb7 17. c5 Bh6 18. Ne5 Nb8 19. g3 Nc6 20. Nxc6 Bxc6 21. Be2 Bg7 22. Rfd1 0-0 23. Rd2 Rfb8 24. Rc1 Qc7 25. Bd1 a5 26. Be2 Qd7 27. Ra1 Re8 28. Nd1 Kh8 29. Ne3 f6 30. Raa2 Qb7 31. Bf3 Rad8 32. h4 e5 33. dxe5 fxe5 34. fxe5 Rxe5 35. Nc4 Re1+ 36. Kg2 Qa6 37. Ne3 d4 38. Qc4 Bxf3+ 0-1

[Event "Sant Boi op 29th"]
[Site "Sant Boi de Llobregat"]
[Date "2017.05.12"]
[Round "4"]
[White "Iglesias Ojeda, Fernando"]
[Black "Valarezo Ricard, Pedro"]
[Result "1/2-1/2"]
[WhiteElo "2047"]
[BlackElo "1881"]
[PlyCount "46"]
[EventDate "2017.04.21"]
[EventType "swiss"]
[EventRounds "9"]
[EventCountry "ESP"]
[SourceTitle "CBM 187 Extra"]
[Source "ChessBase"]
[SourceDate "2018.11.04"]
[SourceVersion "1"]
[SourceVersionDate "2018.11.04"]
[SourceQuality "1"]

1. Nf3 d5 2. g3 Nf6 3. Bg2 Bf5 4. 0-0 h6 5. d3 e6 6. Nbd2 Be7 7. b3 Nbd7 8. Bb2 c6 9. Qe1 0-0 10. e4 Bh7 11. Qe2 a5 12. a4 Nc5 13. Ne5 Qc7 14. Ng4 Ncd7 15. Nxf6+ Bxf6 16. Bxf6 Nxf6 17. e5 Nd7 18. f4 Rae8 19. Bh3 Kh8 20. Rae1 Qb6+ 21. Qf2 Qxf2+ 22. Kxf2 Nc5 23. Ra1 Na6 1/2-1/2

[Event "Cornella Pinol Memorial 2nd"]
[Site "Cornella de Llobregat"]
[Date "2014.11.10"]
[Round "7"]
[White "Layola Barrionuevo, Javier"]
[Black "Iglesias Ojeda, Fernando"]
[Result "0-1"]
[WhiteElo "2129"]
[BlackElo "2188"]
[PlyCount "62"]
[EventDate "2014.09.29"]
[EventType "swiss"]
[EventRounds "9"]
[EventCountry "ESP"]
[SourceTitle "EXT 2016"]
[Source "ChessBase"]
[SourceDate "2015.10.08"]
[SourceVersion "1"]
[SourceVersionDate "2015.10.08"]
[SourceQuality "1"]

1. e4 e5 2. Nf3 d5 3. exd5 Bd6 4. d4 e4 5. Ne5 Nf6 6. Nc3 0-0 7. Bf4 Bb4 8. Bg5 h6 9. Bh4 g5 10. Bg3 Nxd5 11. Qd2 Nc6 12. h4 Nxe5 13. Bxe5 f6 14. Bg3 Bg4 15. Bc4 c6 16. hxg5 hxg5 17. a3 Bxc3 18. Qxc3 Kg7 19. Bxd5 Qxd5 20. Qe3 Rad8 21. Be5 Kg6 22. Qg3 Bh5 23. f4 exf3 24. 0-0-0 fxe5 25. Rde1 Qxd4 26. Rxh5 Qf4+ 27. Qxf4 exf4 28. Rh2 fxg2 29. Rxg2 f3 30. Rg3 Rf4 31. Reg1 Rd5 0-1

[Event "Catalunya-chT Primera Gp2"]
[Site "Catalunya"]
[Date "2008.02.17"]
[Round "4"]
[White "Principal Pena, Juan Antonio"]
[Black "Iglesias Ojeda, Fernando"]
[Result "1-0"]
[WhiteElo "2106"]
[BlackElo "2072"]
[PlyCount "69"]
[EventDate "2008.01.27"]
[EventType "team-tourn"]
[EventRounds "9"]
[EventCountry "ESP"]
[SourceTitle "EXT 2019"]
[Source "ChessBase"]
[SourceDate "2018.10.10"]
[SourceVersion "1"]
[SourceVersionDate "2018.10.10"]
[SourceQuality "1"]

1. b3 e5 2. Bb2 Nc6 3. e3 Nf6 4. Nf3 d6 5. d4 e4 6. Nfd2 Be7 7. c4 0-0 8. Be2 Bf5 9. 0-0 Bg6 10. Nc3 Qd7 11. a3 Rae8 12. Rc1 Bd8 13. b4 h5 14. Re1 h4 15. Qa4 Qf5 16. Qb5 Qc8 17. Qa4 Nh7 18. c5 dxc5 19. bxc5 Ng5 20. Nd5 h3 21. g3 Bf5 22. Bb5 Bg4 23. Nf4 Nf3+ 24. Nxf3 Bxf3 25. d5 g5 26. dxc6 bxc6 27. Bxc6 gxf4 28. Qd4 f6 29. Bd7 Qa6 30. Bxe8 fxg3 31. Qd5+ Kh8 32. Qxd8 gxf2+ 33. Kxf2 Rg8 34. Bxf6+ Kh7 35. Qd7+ 1-0

[Event "Cerdanyola del Valles op-A 24th"]
[Site "Cerdanyola del Valles"]
[Date "2006.11.11"]
[Round "7.5"]
[White "Ritter Aguilar, Jordi"]
[Black "Iglesias Ojeda, Fernando"]
[Result "1/2-1/2"]
[WhiteElo "2135"]
[BlackElo "2160"]
[PlyCount "83"]
[EventDate "2006.09.30"]
[EventType "swiss"]
[EventRounds "8"]
[EventCountry "AUT"]
[SourceTitle "EXT 2024"]
[Source "ChessBase"]
[SourceDate "2023.10.10"]
[SourceVersion "1"]
[SourceVersionDate "2023.10.10"]
[SourceQuality "1"]

1. e4 e5 2. Nf3 d6 3. d4 Nf6 4. Nc3 Nbd7 5. Bg5 Be7 6. Qd2 c6 7. 0-0-0 a6 8. dxe5 dxe5 9. h3 Qc7 10. Bxf6 Bxf6 11. Bc4 0-0 12. g4 b5 13. Bb3 Nc5 14. Qd6 Nxb3+ 15. axb3 Qb6 16. Nd5 Qxf2 17. Rhf1 Qg3 18. Nxf6+ gxf6 19. Qxf6 Qf4+ 20. Qxf4 exf4 21. Rd6 c5 22. e5 Bb7 23. Ng5 Rae8 24. Rb6 Rxe5 25. Nxh7 Kxh7 26. Rxb7 Kg6 27. h4 Rfe8 28. Rb6+ R8e6 29. Rxe6+ Rxe6 30. Rxf4 Re1+ 31. Kd2 Rh1 32. g5 Rh2+ 33. Kd3 Rh3+ 34. Ke4 Rh2 35. Kd5 Rxc2 36. Rf6+ Kg7 37. Rxa6 Rxb2 38. Kxc5 Rxb3 39. h5 Rg3 40. h6+ Kh7 41. Rd6 Rxg5+ 42. Kb4 1/2-1/2

[Event "Cerdanyola del Valles op-A 24th"]
[Site "Cerdanyola del Valles"]
[Date "2006.10.14"]
[Round "3.11"]
[White "Molano Lafuente, Ismael"]
[Black "Iglesias Ojeda, Fernando"]
[Result "0-1"]
[WhiteElo "2000"]
[BlackElo "2160"]
[PlyCount "56"]
[EventDate "2006.09.30"]
[EventType "swiss"]
[EventRounds "8"]
[EventCountry "AUT"]
[SourceTitle "EXT 2024"]
[Source "ChessBase"]
[SourceDate "2023.10.10"]
[SourceVersion "1"]
[SourceVersionDate "2023.10.10"]
[SourceQuality "1"]

1. e4 e5 2. Nf3 d6 3. d4 Nf6 4. Nc3 Nbd7 5. Bc4 Be7 6. 0-0 0-0 7. h3 c6 8. a4 Qc7 9. Qe2 b6 10. Be3 a6 11. Nh4 exd4 12. Bxd4 Ne5 13. Bb3 Ng6 14. Nxg6 hxg6 15. a5 b5 16. Bb6 Qb7 17. f4 Nd7 18. Bf2 Nc5 19. Ba2 Bf6 20. e5 Be7 21. Bxc5 dxc5 22. e6 f5 23. g4 c4 24. g5 Bc5+ 25. Kh2 Re8 26. Rfe1 Rxe6 27. Bxc4 bxc4 28. Qxc4 Qb4 0-1

[Event "Catalunya-chT"]
[Site "Barcelona"]
[Date "2002.??.??"]
[Round "1"]
[White "Gamez Navas, Juan"]
[Black "Iglesias Ojeda, Fernando"]
[Result "0-1"]
[WhiteElo "2080"]
[BlackElo "2030"]
[PlyCount "114"]
[EventDate "2002.??.??"]
[EventType "team"]
[EventRounds "9"]
[EventCountry "ESP"]
[SourceTitle "EXT 2008"]
[Source "ChessBase"]
[SourceDate "2007.11.25"]
[SourceVersion "1"]
[SourceVersionDate "2007.11.25"]
[SourceQuality "1"]

1. d4 d6 2. c4 Nf6 3. Nc3 g6 4. e4 Bg7 5. Nf3 0-0 6. Be2 e5 7. 0-0 Nc6 8. Be3 Nd7 9. d5 Ne7 10. Ne1 f5 11. f3 f4 12. Bf2 g5 13. Rc1 Nf6 14. c5 Ne8 15. Nd3 h5 16. b4 Rf6 17. Qc2 Rg6 18. Nb5 g4 19. cxd6 cxd6 20. Nc7 gxf3 21. Bxf3 Nxc7 22. Qxc7 Qf8 23. Bh4 Bf6 24. Bxf6 Qxf6 25. Qd8+ Kh7 26. Rc7 Rg7 27. Qe8 Qg5 28. Qxh5+ Qxh5 29. Bxh5 b6 30. a4 Nf5 31. Rxg7+ Nxg7 32. Bf3 Bd7 33. b5 a6 34. Rb1 axb5 35. axb5 Ra5 36. Be2 Ne8 37. Ne1 Nc7 38. Nf3 Kg6 39. h4 Bxb5 40. h5+ Kh6 41. Bxb5 Rxb5 42. Rc1 Rc5 43. Ra1 Kxh5 44. Ra7 Ne8 45. Re7 Nf6 46. Nxe5 dxe5 47. Rxe5+ Kg4 48. Re6 Kg3 49. Kf1 Ng4 50. Rxb6 Rc1+ 51. Ke2 Kxg2 52. Rg6 f3+ 53. Kd2 f2 54. Rxg4+ Kf3 55. Rg8 f1Q 56. Rf8+ Kxe4 57. Re8+ Kd4 0-1

[Event "Catalunya-chT"]
[Site "Barcelona"]
[Date "2002.??.??"]
[Round "4"]
[White "Iglesias Ojeda, Fernando"]
[Black "Catarineu Navines, Federico"]
[Result "0-1"]
[WhiteElo "2030"]
[BlackElo "2070"]
[PlyCount "40"]
[EventDate "2002.??.??"]
[EventType "team"]
[EventRounds "9"]
[EventCountry "ESP"]
[SourceTitle "EXT 2008"]
[Source "ChessBase"]
[SourceDate "2007.11.25"]
[SourceVersion "1"]
[SourceVersionDate "2007.11.25"]
[SourceQuality "1"]

1. e4 d5 2. exd5 Nf6 3. d4 Nxd5 4. c4 Nb6 5. Nc3 e5 6. dxe5 Qxd1+ 7. Nxd1 Nc6 8. Bd2 Nxe5 9. Ne3 Be6 10. b3 0-0-0 11. f4 Ng4 12. Be2 Rxd2 13. Bxg4 Bb4 14. Bxe6+ fxe6 15. a3 Ra2+ 16. axb4 Rxa1+ 17. Kf2 Rf8 18. h4 Rxf4+ 19. Kg3 e5 20. c5 Nd7 0-1

[Event "Catalunya-chT"]
[Site "Barcelona"]
[Date "2002.??.??"]
[Round "9"]
[White "Iglesias Ojeda, Fernando"]
[Black "Serra Vilaro, Agustin"]
[Result "1-0"]
[WhiteElo "2030"]
[BlackElo "2035"]
[PlyCount "61"]
[EventDate "2002.??.??"]
[EventType "team"]
[EventRounds "9"]
[EventCountry "ESP"]
[SourceTitle "EXT 2008"]
[Source "ChessBase"]
[SourceDate "2007.11.25"]
[SourceVersion "1"]
[SourceVersionDate "2007.11.25"]
[SourceQuality "1"]

1. e4 e6 2. d4 d5 3. Nc3 Bb4 4. e5 c5 5. a3 cxd4 6. axb4 dxc3 7. Qg4 Kf8 8. f4 Nc6 9. bxc3 Qc7 10. Bb2 h5 11. Qd1 Nge7 12. Bd3 d4 13. b5 dxc3 14. Bxc3 Nd5 15. Qd2 Nce7 16. Bd4 a5 17. c4 Nb4 18. Bc3 Nxd3+ 19. Qxd3 b6 20. Nf3 Bb7 21. Rd1 g6 22. 0-0 Bxf3 23. Qxf3 Nf5 24. Qxa8+ Kg7 25. Qc6 Qxc6 26. bxc6 Rc8 27. Rd6 Ne3 28. c5 bxc5 29. Bxa5 Nc4 30. Bd8 Nxd6 31. Bf6+ 1-0

[Event "Catalunya-chT"]
[Site "Barcelona"]
[Date "2002.??.??"]
[Round "8"]
[White "Miquel Jaureguibeitia, Xavier"]
[Black "Iglesias Ojeda, Fernando"]
[Result "1-0"]
[WhiteElo "2150"]
[BlackElo "2030"]
[PlyCount "37"]
[EventDate "2002.??.??"]
[EventType "team"]
[EventRounds "9"]
[EventCountry "ESP"]
[SourceTitle "EXT 2008"]
[Source "ChessBase"]
[SourceDate "2007.11.25"]
[SourceVersion "1"]
[SourceVersionDate "2007.11.25"]
[SourceQuality "1"]

1. b4 Nf6 2. Bb2 e6 3. b5 Be7 4. c4 0-0 5. e3 b6 6. Nf3 c5 7. Be2 Bb7 8. 0-0 d5 9. d4 Nbd7 10. Nbd2 Ne4 11. cxd5 exd5 12. Nxe4 dxe4 13. Nd2 f5 14. dxc5 Nxc5 15. Nb3 Qxd1 16. Rfxd1 Rfd8 17. Ba3 Bd5 18. Nxc5 bxc5 19. Rxd5 1-0